000
00296nam a22001217a 4500
040
_c
338
082
_a
338 MAR 2013 C090
100
_a
MARTYN WARREN
245
_a
International journal of agricultural management
260
_a
Phnom Penh
_b
MAR
_c
2013
300
_a
239p.
_b
ill.
_c
29cm.
942
_c
EK
999
_c
11232
_d
11232